| 000 | 00735cam a2200253 4500 | ||
|---|---|---|---|
| 001 | J849 | ||
| 008 | 090401t1988 xxu||||| |||| 00| 0 eng d | ||
| 035 | _a(Sirsi) u85462 | ||
| 041 | _aeng | ||
| 050 | _a692.8 | ||
| 110 |
_aNational Joint Consultative Committee for Building _9994 |
||
| 245 | _aPre-tender meetings. | ||
| 260 |
_aLondon _bRIBA Publications Ltd. _c1988 |
||
| 300 | _a3p. ; 30cm. | ||
| 350 | _a2 | ||
| 490 |
_aGuidance Note _v4 |
||
| 650 | _aBUILT ENVIRONMENT-BUILDING CONTRACT FORMS | ||
| 650 | _aPRE-TENDER MEETINGS | ||
| 650 | _aTENDERING | ||
| 690 | _aBUILDING AND CONSTRUCTION-CONTROL | ||
| 710 |
_aJoint Consultative Committee for Building Northern Ireland _91871 |
||
| 942 | _n0 | ||
| 948 | _c04/03/1997 | ||
| 999 |
_c97044 _d97044 |
||